Dark tort [sound recording] / Diane Mott Davidson.
While searching for the killer of her friend Dusty, Goldy finds herself knee-deep in suspects; one of whom is very dangerous and liable to cook Goldy's goose.
Record details
- ISBN: 0060898321
- Physical Description: 9 sound discs (10 1/2 hrs) : digital ; 4 3/4 in.
- Edition: Unabridged.
- Publisher: New York : Harper Audio, p2006.
Content descriptions
| Creation/Production Credits Note: | Executive producer, Rick Harris. |
| Participant or Performer Note: | Narrator, Barbara Rosenblat. |
Search for related items by subject
| Genre: | Mystery fiction. |
Available copies
- 1 of 1 copy available at scottsboropl.
Holds
- 0 current holds with 1 total copy.
Other Formats and Editions
Show Only Available Copies
| Location | Call Number / Copy Notes | Barcode | Shelving Location | Status | Due Date |
|---|---|---|---|---|---|
| scottsboropl | BK/CD Dav | 32269000754583 | Adult - Audiobook | Available | - |
| LDR | 01403cim a2200373 a 4500 | ||
|---|---|---|---|
| 001 | 120020 | ||
| 003 | CONS | ||
| 005 | 20140703090841.0 | ||
| 007 | sd fsngnnmmned | ||
| 008 | 060412s2006 nyunnn f eng d | ||
| 020 | . | ‡a0060898321 | |
| 024 | 8 | . | ‡z978006089328 |
| 028 | 0 | 2. | ‡aUACD 5450(9) ‡bHarper Audio |
| 035 | . | ‡a(CPomAG)LMN398601 | |
| 050 | 0 | 0. | ‡aPS3554.A925 ‡bD37 2006 |
| 100 | 1 | . | ‡aDavidson, Diane Mott. |
| 245 | 1 | 0. | ‡aDark tort ‡h[sound recording] / ‡cDiane Mott Davidson. |
| 250 | . | ‡aUnabridged. | |
| 260 | . | ‡aNew York : ‡bHarper Audio, ‡cp2006. | |
| 300 | . | ‡a9 sound discs (10 1/2 hrs) : ‡bdigital ; ‡c4 3/4 in. | |
| 511 | 0 | . | ‡aNarrator, Barbara Rosenblat. |
| 508 | . | ‡aExecutive producer, Rick Harris. | |
| 520 | . | ‡aWhile searching for the killer of her friend Dusty, Goldy finds herself knee-deep in suspects; one of whom is very dangerous and liable to cook Goldy's goose. | |
| 650 | 0. | ‡aBear, Goldy (Fictitious character). | |
| 650 | 0. | ‡aWomen in the food industry ‡vFiction. | |
| 650 | 0. | ‡aLawyers ‡xCrimes against ‡vFiction. | |
| 650 | 0. | ‡aCaterers and catering ‡vFiction. | |
| 651 | 0. | ‡aColorado ‡vFiction. | |
| 650 | 0. | ‡aCooking ‡vFiction. | |
| 650 | 0. | ‡aHumorous stories. | |
| 655 | 7. | ‡aMystery fiction. ‡2gsafd | |
| 700 | 1 | . | ‡aRosenblat, Barbara. |
| 959 | . | ‡i32269000754583 ‡lBK/CD Dav ‡aAdult - Audiobook ‡tAudiobook ‡g99.75 | |
| 852 | . | ‡p32269000754583 ‡jBK/CD Dav ‡gAdult - Audiobook ‡cAudiobook ‡y99.75 ‡bSBPL | |
| 901 | . | ‡a120020 ‡bUnknown ‡c120020 ‡tbiblio | |